[Event "MEX ol U16 Girls"]
[Site "Guanajuato"]
[Date "2002.07.15"]
[Round "3"]
[White "Solis Mendoza, Mariana"]
[Black "Casillas Ramos, Laura"]
[Result "1-0"]
[WhiteElo "1500"]
[BlackElo "1321"]
[PlyCount "49"]
[EventDate "2002.07.13"]
[EventType "swiss"]
[EventRounds "6"]
[EventCountry "MEX"]
[SourceTitle "EXT 2003"]
[Source "ChessBase"]
[SourceDate "2002.11.25"]
[SourceVersion "1"]
[SourceVersionDate "2002.11.25"]
[SourceQuality "1"]

1. e4 e5 2. Nf3 Nc6 3. Bc4 h6 4. d4 f6 5. Nh4 Nge7 6. Qh5+ g6 7. Nxg6 Nxg6 8. Qxg6+ Ke7 9. Qf7+ Kd6 10. Nc3 Nxd4 11. 0-0 c6 12. b4 a6 13. Be3 Qb6 14. Qxf6+ Kc7 15. Qxe5+ Bd6 16. Qxh8 Qxb4 17. Qxd4 c5 18. Qd2 Qxc4 19. Nd5+ Kc6 20. Rab1 b5 21. Rfd1 Qxe4 22. Nb4+ Kb7 23. Qxd6 Ka7 24. Bxc5+ Kb7 25. Qb6# 1-0